Gerenciamiento de proyectos con Microsoft Excel y Microsoft Project

Gardado en:
Detalles Bibliográficos
Main Authors: Salvarredy, Julián R (Author), García Fronti, Verónica (Author), García Fronti, Javier I (Author)
Formato: Libro
Idioma:Lingua castelá
Publicado: Buenos Aires Omicron System 2003
Subjects:
Tags: Engadir etiqueta
Sen Etiquetas, Sexa o primeiro en etiquetar este rexistro!

MARC

LEADER 00000nam a2200000 a 4500
001 UCL7709
003 CL-VaPUC
008 040528e20030000AG |||||||||||||||||spa|d
020 |a 9871046057 
082 0 4 |a 658.05  |b SAL  |2 21 
100 0 |a Salvarredy, Julián R  |e author  |9 485592 
700 |a García Fronti, Verónica  |e author  |9 519757 
700 |a García Fronti, Javier I  |e author  |9 490968 
245 1 0 |a Gerenciamiento de proyectos con Microsoft Excel y Microsoft Project 
300 |a 226 p 
942 |c BK 
945 |d 20040528 00:00:00  |a cmena 
260 |a Buenos Aires  |b Omicron System  |c 2003 
500 |a Incluye Cd-Rom con planillas listas para usar 
650 0 |a Administración de empresas   |9 260833 
650 0 |a Gestión de proyectos  |9 260970 
650 0 |a Planificación estratégica   |9 259735 
650 0 |a Aplicación de computadores  |9 485595 
650 7 |a EXCEL  |2 CL-VaPUC  |9 397885 
650 7 |a PROJECT  |2 CL-VaPUC  |9 485596 
583 |a last modification  |c 20160929 10:15:36  |k Rodrigo Vera 
999 |c 309333  |d 309331 
952 |0 0  |1 0  |4 0  |6 658_050000000000000_SAL_2003  |7 0  |8 A  |9 376759  |a BIBGIM  |b BIBGIM  |d 2019-11-21  |i 4021169  |o 658.05 SAL 2003  |p 4021169  |r 2025-01-15  |w 2019-11-21  |y BK  |k COM